Filosofía de la relación jurídica
Na minha lista:
| Autor principal: | |
|---|---|
| Formato: | Livro |
| Idioma: | espanhol |
| Publicado em: |
Córdoba
Universidad Nacional de Córdoba
1973
|
| Colecção: | Biblioteca de Filosofía del Derecho y Sociología, 13
|
| Assuntos: | |
| Tags: |
Adicionar Tag
Sem tags, seja o primeiro a adicionar uma tag!
|
MARC
| LEADER | 00000nam a2200000 a 4500 | ||
|---|---|---|---|
| 001 | UCV1561 | ||
| 003 | CL-VaPUC | ||
| 008 | 900823e19730000AG |||||||||||||||||spa|d | ||
| 082 | 0 | 4 | |a 340.1 |b CES |2 21 |
| 100 | 0 | |a Cesarini Sforza, W |e author |9 295832 | |
| 245 | 1 | 0 | |a Filosofía de la relación jurídica |
| 300 | |a 132 p | ||
| 942 | |c BK | ||
| 945 | |d 19900823 00:00:00 | ||
| 260 | |a Córdoba |b Universidad Nacional de Córdoba |c 1973 | ||
| 650 | 0 | |a Filosofía del derecho |9 255050 | |
| 583 | |a last modification |c 19900823 00:00:00 |k Rodrigo Vera | ||
| 490 | 0 | |a Biblioteca de Filosofía del Derecho y Sociología, 13 | |
| 999 | |c 209487 |d 209485 | ||
| 952 | |0 0 |1 0 |4 0 |6 340_100000000000000_CES_1973 |7 0 |8 DER_TF |9 184914 |a BIBDER |b BIBDER |d 2019-11-14 |i 2522357 |l 1 |o 340.1 CES 1973 |p 2522357 |r 2023-01-25 |s 2020-03-18 |w 2019-11-14 |x Ubicación 4to Piso |y BK |z Estos recursos deben solicitarse con anticipación |k DER | ||